LEADER 00651nab a2200133 i 4500 001 000000325837 003 CaOOAMICUS 005 20180831173510.0 008 180831n it uu u0 0ita r 013 $a36909 040 $aSeMil$bita 245 10$aBiennio Teologico. Ti chiama per nome. Gli Esercizi spirituali dei 18/19 enni presso il Seminario di Seveso. - In [rubrica] :$bNotizie dai Seminari. 773 0 $t"Pastori secondo il mio cuore" (Ger 3,15).$gp.23-25$w()288216 996 $6245$aBiennio Teologico. Ti chiama per nome. Gli Esercizi spirituali dei 18/19 enni presso il Seminario di Seveso. - In [rubrica] :$bNotizie dai Seminari.$9(OLS)http://semarc/title/398975 LEADER 01073nam a2200241 i 4500 001 000000224696 003 CaOOAMICUS 005 20220111124630.0 008 131108s1985 gw u000 u mul u 013 $a203594 040 $aSeMil$bita 100 1 $aFischer, Bonifatius,$d<1915-1997>.$0(OLS)http://semarc/name/47 245 10$aLateinische Bibelhandschriften im frühen mittelalter /$cBonifatius Fischer. 260 $aFreiburg ; Basel ; Wien :$bHerder,$c1985. 300 $a453 p. ;$c25 cm. 490 0 $aVetus Latina. Aus der Geschichte der Lateinischen Bibel ;$v11 650 4$aBibbia - Manoscritti.$0(OLS)http://semarc/subject/1074 830 0$aVetus Latina. Aus der Geschichte der Lateinischen Bibel ;$v11.$0(OLS)http://semarc/title/70 850 $aSeMil 852 $aSeMil$W1$xVenegono$y1$m2XA O 11$j245819$B175042$CSeMilBibl$Z2$F185009 $81 996 $6245$aLateinische Bibelhandschriften im frühen mittelalter$9(OLS)http://semarc/title/321997 996 $6260$aFreiburg ; Basel ; Wien :$bHerder$9(OLS)http://semarc/publisher/29643 LEADER 01299nam a2200265 i 4500 001 000000067823 003 CaOOAMICUS 005 20100608000000.0 008 100608s1963 fr u000 u fre u 013 $a38995 040 $aSeMil$bita 100 1 $aLotz, Johannes Baptist .$0(OLS)http://semarc/name/9185 240 14$aDas Urteil und das Sein : eine Grundlegung der Metaphysik.$0(OLS)http://semarc/title/108146 245 13$aLe jugement et l'être :$bles fondements de la métaphysique /$cJohannes B. Lotz ; traduit de l'allemand par R. Givord. 260 $aParis :$bBeauchesne,$c1963. 300 $a256 p. ;$c22 cm. 490 0 $aBibliothèque des archives de philosophie. N.s ;$v2 650 4$aOntologia.$0(OLS)http://semarc/subject/2269 650 4$aGiudizio .$0(OLS)http://semarc/subject/11775 700 1 $aGivord, Robert,$d<1911-1990>.$0(OLS)http://semarc/name/12925 830 0$aBibliothèque des archives de philosophie. N.s ;$v2.$0(OLS)http://semarc/title/9839 850 $aSeMil 852 $aSeMil$W1$xVenegono$y1$m2O I 352$j33976$B33976$CSeMilBibl$Z2$F33979 $81 996 $6245$aLe jugement et l'être :$bles fondements de la métaphysique$9(OLS)http://semarc/title/108145 996 $6260$aParis :$bBeauchesne$9(OLS)http://semarc/publisher/29638 LEADER 01390nam a2200277 i 4500 001 000000087439 003 CaOOAMICUS 005 20180830150021.0 008 180830s1961 xx u000 u und u 013 $a59679 020 $a88-245- 040 $aSeMil$bita 100 1 $aMorra, Nello.$0(OLS)http://semarc/name/39980 245 12$aI cattolici e lo Stato. Saggio sull'autonomia della coscienza del cristiano di fronte alla giurisdizione della Chiesa nella sfera del social-temporale nel pensiero di Jacques Maritain. 260 $aMilano :$bEdizioni di Comunità,$c1961. 300 $a344 p. 490 0 $aSaggi di cultura contemporanea 650 4$aChiesa e politica.$0(OLS)http://semarc/subject/93 650 4$aStato.$0(OLS)http://semarc/subject/2002 650 4$aCattolicesimo.$0(OLS)http://semarc/subject/2438 830 0$aSaggi di cultura contemporanea.$0(OLS)http://semarc/title/7468 850 $aSeMil 852 $aSeMil$W1$xVenegono$y1$m102 5 09 *$j50928$B50928$CSeMilBibl$Z2$F55038 $81 996 $6020$a88-245-$9(OLS)http://semarc/number/67510 996 $6245$aI cattolici e lo Stato. Saggio sull'autonomia della coscienza del cristiano di fronte alla giurisdizione della Chiesa nella sfera del social-temporale nel pensiero di Jacques Maritain$9(OLS)http://semarc/title/133509 996 $6260$aMilano :$bEdizioni di Comunità$9(OLS)http://semarc/publisher/31458 LEADER 01322nam a2200277 i 4500 001 000000117217 003 CaOOAMICUS 005 20030723000000.0 008 030723s2003 it u000 u mul u 013 $a89906 020 $a88-14-10225-2 040 $aSeMil$bita 100 1 $aTavani, Mario.$0(OLS)http://semarc/name/48923 245 10$aVerso una professionalizzazione del bioeticista :$banalisi teorica e ricadute pratiche /$ca cura di M. Picozzi, M. Tavani, P. Cattorini. 260 $aMilano :$bGiuffrè,$ccopyr. 2003. 300 $a350 p. ;$c23 cm. 500 $aDedica autografa a mons. Rimoldi. - Dono di mons. Antonio Rimoldi. - Contiene : [1] Appendice ; Bibliografia. 650 4$aBioetica - Studi.$0(OLS)http://semarc/subject/5741 700 1 $aCattorini, Paolo Marino,$d<1956- >.$0(OLS)http://semarc/name/115274 700 1 $aPicozzi, Mario.$0(OLS)http://semarc/name/34722 850 $aSeMil 852 $aSeMil$W1$xVenegono$y1$m2E V 74$j72617$B72617$CSeMilBibl$Z2$F76375 $81 961 $aOmaggio: Rimoldi mons. Antonio 996 $6020$a88-14-10225-2$9(OLS)http://semarc/number/101552 996 $6245$aVerso una professionalizzazione del bioeticista :$banalisi teorica e ricadute pratiche$9(OLS)http://semarc/title/172063 996 $6260$aMilano :$bGiuffrè$9(OLS)http://semarc/publisher/29926 LEADER 00680naa a2200157 i 4500 001 000000306986 003 CaOOAMICUS 005 20180831172907.0 008 180831n it u000 u ita u 013 $a15573 040 $aSeMil$bita 100 1 $aCavana, Paolo,$d<1962- >.$0(OLS)http://semarc/name/34603 245 13$aLa condizione. 650 4$aMatrimonio - Diritto canonico.$0(OLS)http://semarc/subject/1701 773 0 $tGiurisprudenza della Rota Romana sul consenso matrimoniale (1908-2008).$dCittà del Vaticano : Libreria Editrice Vaticana, 2009.$kStudi giuridici $z978-88-209-8163-1$gp.237-258$w()133072 996 $6245$aLa condizione$9(OLS)http://semarc/title/382387 LEADER 01489nam a2200301 i 4500 001 000000347232 003 CaOOAMICUS 005 20210805115823.0 008 210805s2020 be u100 u fre u 013 $a10600 020 $a978-2-503-58895-7 040 $aSeMil$bita 245 03$aLa Bible dans les catéchèses des 4.-5. siècle /$csous la direction de Rémi Gounelle. 264 1$aTurnhout :$bBrepols,$c2020. 300 $a219 p. ;$c21 cm. 490 1 $aCahiers de Biblia patristica ;$v21 500 $aAtti del convegno organizzato dal Centre d'analyse et de documentation patristiques de l'Université de Strasbourg, Strasbourg, 9-10 novembre 2017 650 4$aBibbia - Insegnamento.$0(OLS)http://semarc/subject/45248 650 4$aChiesa primitiva e delle origini - Catechesi.$0(OLS)http://semarc/subject/50777 700 1 $aGounelle, Rémi,$d<1967- >.$0(OLS)http://semarc/name/28507 710 2 $aCentre d'analyse et de documentation patristiques .$0(OLS)http://semarc/name/114364 830 0$aCahiers de Biblia patristica ;$v21.$0(OLS)http://semarc/title/21349 850 $aSeMil 852 $aSeMil$W1$xVenegono$y1$m2BA D 21$j227684$B238296$CSeMilBibl$Z2$F238296 $81 996 $6020$a978-2-503-58895-7$9(OLS)http://semarc/number/293779 996 $6245$aLa Bible dans les catéchèses des 4.-5. siècle$9(OLS)http://semarc/title/436476 996 $6264$aTurnhout :$bBrepols$9(OLS)http://semarc/publisher/29626 LEADER 00652nam a2200181 i 4500 001 000000148092 003 CaOOAMICUS 005 20260318164114.0 008 070821s2005 it u000 u ita u 040 $aSeMil$bita 245 10$aAggiornamento 2005. 300 $a384 p. :$bill. ;$c30 cm 773 0 $tEnciclopedia Bompiani.$dMilano : RCS Libri & Grandi Opere, 1994-1995.$bNuova edizione.$g[2005$w()597 850 $aSeMil 852 $aSeMil$W1$xVenegono$y1$mSL1.L III 53$j268702$B100551$CSeMilBibl$Z2$F109421 $8I 961 $aOmaggio: Tremolada don Pierantonio 996 $6245$aAggiornamento 2005$9(OLS)http://semarc/title/216482